000 00697nam a2200241Ia 4500
003 OSt
005 20220926011324.0
006 a|||||r|||| 00| 0
007 ta
008 220923b |||||||| |||| 00| 0 eng d
037 _cGeneral Book
040 _aRTL
_cRTL
_beng
041 _2eng
_aeng
082 _aXM8g7, L2
100 _aKapoor A Ed.
_9313934
245 0 _aMultinational enterprise in transition
_b Selected
260 _aNew Jersey
_bPrinceton Darwin Press
_c1972
300 _axvi, 505p
_ccm.
650 _aMultinational
700 _a Grub Phillip D
_9313935
942 _hXM8g7, L2
_cGB
_2CC
999 _c619686
_d619686